Science Quiz

Random Science Quiz

Skeletal system Quiz Stats

 Plays Quiz not verified by Sporcle

Support Sporcle.
Go Orange.
Score 0/10 Timer 05:00
0 Plays Today
% Correct
Rib
86.3%
206
83.8%
The Femur
77.5%
Skull
72.5%
Radius
62.5%
Movement
58.8%
10
36.3%
Two feet
27.5%
all shapes and sizes
26.3%
Protect soft insides
21.3%

You're not logged in!

Compare scores with friends on all Sporcle quizzes.
OR
Log In

From the Vault

Is That a DUDE Singing?

by Benwins

We have a hard enough time making out the words, and now we have to figure out their gender?
Remove Ads.
Support Sporcle.
Get the best of Sporcle when you Go Orange. This ad-free experience offers more features, more stats, and more fun while also helping to support Sporcle. Thank you for becoming a member.

Show Comments

Extras

Created Mar 10, 2011SourceReportNominate
Tags:skeletal, System

Top Quizzes Today


Score Distribution

Your Account Isn't Verified!

In order to create a playlist on Sporcle, you need to verify the email address you used during registration. Go to your Sporcle Settings to finish the process.

Report this User

Report this user for behavior that violates our Community Guidelines.

Details: